000 00617nam a22002297a 4500
001 31711
003 UA-OsUOA
005 20210917224722.0
007 ta
008 20050111b un ||||| |||| 00| 0 ukr d
040 _aUA-OsUOA
_brus
_cUA-OsUOA
_dUA-OsUOA
041 _arus
044 _aRU
080 _a94(450)
090 _a94(450)
_bП78
245 _aПроблемы итальянской истории
_cред. С. Д. Сказкин, К. Ф. Мизиано, Л. М. Брагина
260 _aМосква
_bНаука
_c1972
300 _a358 с.
650 7 _2UDC
942 _cBK
_2udc
955 _a0
999 _c318141
_d318141